| 000 | 00955cam a22002652 4500 | ||
|---|---|---|---|
| 001 | 0000005710 | ||
| 005 | 20151217152004.0 | ||
| 008 | 070622s xx 000 0 eng d | ||
| 020 | _a0754609170 : | ||
| 040 |
_aKABU _cKABU |
||
| 050 | 0 |
_aZ679.7 _b.D57 |
|
| 245 | 1 | 0 |
_aDisaster management for libraries and archives / _cedited by Graham Mathews, John Feather. |
| 260 |
_aAldershot, England : _bAshgate publishing, _c2003. |
||
| 300 | _axvii, 236 p. | ||
| 650 | 0 |
_aLibraries _xSafety measures. _@0000156910 |
|
| 650 | 0 |
_aArchives _xSafety measures. _@0000156911 |
|
| 650 | 0 |
_aLibrary materials _xConservation and restoration. _@0000156912 |
|
| 650 | 0 |
_aArchival materials _xConservation and restoration. _@0000156913 |
|
| 650 | 0 |
_aEmergency management. _@0000155026 |
|
| 700 | 1 |
_aMathews, Graham, _d1953. _@0000156914 |
|
| 700 | 1 |
_aFeather, John. _@0000156677 |
|
| 908 | _a070622 | ||
| 950 | _@1 | ||
| 999 |
_c7056 _d7056 |
||